[Event "74th South Island Chess Championship"]
[Site "Oamaru NZL"]
[Date "2023.09.30"]
[Round "7.20"]
[White "Tao, Junqing Jerome"]
[Black "Liu, Richard Jingjie"]
[Result "1/2-1/2"]
[WhiteElo "1634"]
[BlackElo "1528"]

1. e4 e5 2. Nf3 Nc6 3. d4 exd4 4. Bc4 Nf6 5. e5 d5 6. Bb5 Ne4 7. Nxd4 Bc5 8.
Be3 Bd7 9. Bxc6 bxc6 10. f3 Qh4+ 11. Ke2 Bxd4 12. Qxd4 Ng3+ 13. hxg3 Qxh1 14.
Kf2 Qh5 15. e6 Bxe6 16. Qxg7 Kd7 17. Nc3 Qg6 18. Qd4 Qxc2+ 19. Ne2 Qg6 20. Rc1
Rhg8 21. Bf4 Rab8 22. Qxa7 Rgc8 23. Bxc7 Rb5 24. Be5+ Ke8 25. Nf4 Qf5 26. Nxe6
Qxe5 27. Re1 Rxb2+ 28. Kf1 Qxe1+ 29. Kxe1 fxe6 30. Qxh7 1/2-1/2

[Event "74th South Island Chess Championship"]
[Site "Oamaru NZL"]
[Date "2023.09.30"]
[Round "7.22"]
[White "Coleman, Samantha"]
[Black "Moshakova, Elena"]
[Result "0-1"]
[WhiteElo "1305"]
[BlackElo "1546"]

1. e4 e5 2. Nf3 Nc6 3. Bc4 Bc5 4. c3 Nf6 5. d3 h6 6. b4 Bb6 7. a4 a5 8. b5 Ne7
9. Nxe5 d5 10. exd5 Nexd5 11. Qe2 O-O 12. O-O Be6 13. Bxd5 Nxd5 14. c4 Nb4 15.
Rd1 Re8 16. Qf3 Bd4 17. Ra3 Bxe5 18. d4 Bxd4 19. Bb2 c5 20. bxc6 Nxc6 21. Rad3
Ne5 22. Qg3 Nxd3 23. Rxd3 Qb6 24. Rxd4 Qxb2 25. Rd1 Rad8 26. Re1 Bf5 0-1

[Event "74th South Island Chess Championship"]
[Site "Oamaru NZL"]
[Date "2023.09.30"]
[Round "7.23"]
[White "Patel, Akash"]
[Black "McLean, Gary"]
[Result "0-1"]
[WhiteElo "1484"]
[BlackElo "1449"]

1. Nf3 d6 2. d4 Nf6 3. c4 Nbd7 4. Nc3 c6 5. e4 e5 6. d5 Be7 7. Be2 h6 8. O-O
Nf8 9. Nh4 g5 10. Nf5 Bxf5 11. exf5 Qd7 12. dxc6 bxc6 13. Bf3 Rc8 14. Qa4 g4
15. Bd1 N8h7 16. Bxh6 Qxf5 17. Qxa7 Nf8 18. Qe3 Ne6 19. h4 gxh3 20. Qxh3 Qxh3
21. gxh3 Rxh6 22. Kh2 Nf4 23. Bg4 Nxg4+ 24. Kg3 Nf6 0-1

[Event "74th South Island Chess Championship"]
[Site "Oamaru NZL"]
[Date "2023.09.30"]
[Round "7.25"]
[White "Keeling, Roy L"]
[Black "Blair, Rowan"]
[Result "1-0"]
[WhiteElo "1540"]
[BlackElo "1436"]

1. c4 e5 2. d3 Bc5 3. Nc3 d6 4. Nf3 Ne7 5. g3 O-O 6. Bg2 f6 7. O-O Nbc6 8. a3
a6 9. Bd2 Be6 10. b4 Bb6 11. b5 Nd4 12. Nxd4 exd4 13. Na4 Ra7 14. Nxb6 cxb6 15.
a4 axb5 16. axb5 Qa8 17. Rxa7 Qxa7 18. Qa1 Qxa1 19. Rxa1 Rc8 20. Bxb7 Rb8 21.
Bg2 Bg4 22. e3 Be2 23. Ra3 Nf5 24. e4 Ne7 25. Bf4 Rd8 26. Ra6 Nc8 27. Ra3 g5
28. Bd2 Kg7 29. f3 h6 30. Kf2 Bd1 31. Bh3 Ne7 32. Ra7 Kf8 33. f4 Bc2 34. Ke2
gxf4 35. Bxf4 Ng8 36. Be6 h5 37. Rb7 Ra8 38. Bxd6+ Ke8 39. Rb8+ Rxb8 40. Bxb8
Kf8 41. Bc7 Kg7 42. Bxb6 Nh6 43. Bxd4 Ng4 44. Bxg4 hxg4 45. b6 Kg6 46. b7 Kg5
47. b8=Q 1-0

[ePGN "0.1;DGT LiveChess/2.2.5"]

[Event "South Island Championships 2023"]
[Site "Oamaru, New Zealand"]
[Date "2023.09.30"]
[Round "8.10"]
[White "Holdo, Karl"]
[Black "Summers, Paul G"]
[Result "1-0"]
[TimeControl "90 + 30"]
[WhiteFideId "4304586"]
[BlackFideId "3232883"]
[WhiteElo "1551"]
[BlackElo "1799"]

1. e4 {[%clk 01:30:56]} {[%emt 00:00:03]} e5 {[%clk 01:30:56]} {[%emt
00:00:05]} 2. Nf3 {[%clk 01:31:19]} {[%emt 00:00:07]} Nc6 {[%clk 01:31:16]}
{[%emt 00:00:10]} 3. Bc4 {[%clk 01:31:35]} {[%emt 00:00:13]} Bc5 {[%clk
01:31:41]} {[%emt 00:00:06]} 4. c3 {[%clk 01:31:49]} {[%emt 00:00:15]} Nf6
{[%clk 01:32:03]} {[%emt 00:00:09]} 5. d3 {[%clk 01:32:09]} {[%emt 00:00:08]}
d6 {[%clk 01:32:27]} {[%emt 00:00:07]} 6. Nbd2 {[%clk 01:31:41]} {[%emt
00:00:58]} O-O {[%clk 01:32:39]} {[%emt 00:00:18]} 7. O-O {[%clk 01:30:15]}
{[%emt 00:01:56]} a6 {[%clk 01:32:38]} {[%emt 00:00:32]} 8. Bb3 {[%clk
01:30:32]} {[%emt 00:00:12]} h6 {[%clk 01:29:22]} {[%emt 00:03:45]} 9. h3
{[%clk 01:29:46]} {[%emt 00:01:15]} b5 {[%clk 01:28:37]} {[%emt 00:01:17]} 10.
Re1 {[%clk 01:25:56]} {[%emt 00:04:20]} Be6 {[%clk 01:27:08]} {[%emt 00:01:59]}
11. Nf1 {[%clk 01:24:20]} {[%emt 00:02:05]} Qd7 {[%clk 01:23:49]} {[%emt
00:03:50]} 12. Ng3 {[%clk 01:21:05]} {[%emt 00:03:44]} Bxh3 {[%clk 01:15:01]}
{[%emt 00:09:19]} 13. gxh3 {[%clk 01:20:56]} {[%emt 00:00:38]} Qxh3 {[%clk
01:15:25]} {[%emt 00:00:06]} 14. Be3 {[%clk 01:21:09]} {[%emt 00:00:16]} Bxe3
{[%clk 01:14:46]} {[%emt 00:01:10]} 15. Rxe3 {[%clk 01:21:01]} {[%emt
00:00:38]} g5 {[%clk 01:12:08]} {[%emt 00:03:08]} 16. Qf1 {[%clk 01:19:56]}
{[%emt 00:01:34]} Qd7 {[%clk 01:10:49]} {[%emt 00:01:50]} 17. Nf5 {[%clk
01:19:04]} {[%emt 00:01:20]} g4 {[%clk 01:08:46]} {[%emt 00:02:36]} 18. N3h4
{[%clk 01:18:14]} {[%emt 00:01:18]} Kh7 {[%clk 01:07:36]} {[%emt 00:01:41]} 19.
a4 {[%clk 01:12:09]} {[%emt 00:06:36]} b4 {[%clk 01:07:09]} {[%emt 00:00:58]}
20. a5 {[%clk 01:11:30]} {[%emt 00:01:08]} bxc3 {[%clk 01:05:31]} {[%emt
00:02:08]} 21. bxc3 {[%clk 01:11:50]} {[%emt 00:00:10]} Ne7 {[%clk 01:04:15]}
{[%emt 00:01:45]} 22. Nxe7 {[%clk 01:11:09]} {[%emt 00:01:11]} Qxe7 {[%clk
01:04:24]} {[%emt 00:00:22]} 23. Nf5 {[%clk 01:11:25]} {[%emt 00:00:14]} Qd8
{[%clk 01:04:25]} {[%emt 00:00:29]} 24. d4 {[%clk 01:08:21]} {[%emt 00:03:33]}
Nh5 {[%clk 01:04:00]} {[%emt 00:00:56]} 25. dxe5 {[%clk 01:01:57]} {[%emt
00:06:53]} dxe5 {[%clk 01:00:42]} {[%emt 00:03:49]} 26. Rd1 {[%clk 00:58:07]}
{[%emt 00:04:19]} Qg5 {[%clk 01:00:26]} {[%emt 00:00:47]} 27. Rd7 {[%clk
00:55:50]} {[%emt 00:02:45]} Nf4 {[%clk 01:00:44]} {[%emt 00:00:14]} 28. Bxf7
{[%clk 00:51:17]} {[%emt 00:05:02]} Rad8 {[%clk 00:57:16]} {[%emt 00:03:59]} 29.
Bg6+ {[%clk 00:46:09]} {[%emt 00:05:36]} Kxg6 {[%clk 00:57:40]} {[%emt
00:00:09]} 30. Rg7+ {[%clk 00:45:56]} {[%emt 00:00:42]} Kf6 {[%clk 00:57:43]}
{[%emt 00:00:28]} 31. Rxg5 {[%clk 00:46:14]} {[%emt 00:00:12]} Kxg5 {[%clk
00:58:05]} {[%emt 00:00:07]} 32. Qxa6 {[%clk 00:45:27]} {[%emt 00:01:17]} Rd1+
{[%clk 00:53:52]} {[%emt 00:04:43]} 33. Kh2 {[%clk 00:45:35]} {[%emt 00:00:19]}
Rf6 {[%clk 00:54:20]} {[%emt 00:00:05]} 34. Qb5 {[%clk 00:43:30]} {[%emt
00:02:34]} Rd2 {[%clk 00:52:29]} {[%emt 00:02:22]} 35. Qxe5 {[%clk 00:40:08]}
{[%emt 00:03:52]} Rxf2+ {[%clk 00:51:57]} {[%emt 00:01:03]} 36. Kg1 {[%clk
00:40:22]} {[%emt 00:00:12]} Ng6 {[%clk 00:51:50]} {[%emt 00:00:40]} 37. Qxf6+
{[%clk 00:40:10]} {[%emt 00:00:42]} Kxf6 {[%emt 00:00:15]} 38. Kxf2 {[%emt
00:00:07]} h5 {[%clk 00:51:41]} {[%emt 00:00:17]} 39. a6 {[%clk 00:40:13]}
{[%emt 00:00:27]} 1-0

[Event "South Island Championships 2023"]
[Site "Oamaru, New Zealand"]
[Date "2023.09.30"]
[Round "8.3"]
[White "Lukey, Stephen G"]
[Black "Johnson, Quentin J F"]
[Result "1-0"]
[TimeControl "90 + 30"]
[WhiteFideId "4300386"]
[BlackFideId "4301480"]
[WhiteElo "2307"]
[BlackElo "2089"]

1. d4 {[%clk 01:30:30]} {[%emt 00:15:51]} d5 {[%clk 01:30:56]} {[%emt
00:00:06]} 2. c4 {[%clk 01:31:12]} {[%emt 00:00:17]} e6 {[%clk 01:31:22]}
{[%emt 00:00:04]} 3. Nc3 {[%clk 01:31:04]} {[%emt 00:00:38]} Be7 {[%clk
01:31:47]} {[%emt 00:00:05]} 4. cxd5 {[%clk 01:31:13]} {[%emt 00:00:20]} exd5
{[%clk 01:32:12]} {[%emt 00:00:06]} 5. Bf4 {[%clk 01:31:40]} {[%emt 00:00:04]}
c6 {[%clk 01:31:10]} {[%emt 00:01:32]} 6. e3 {[%clk 01:32:05]} {[%emt
00:00:04]} Bf5 {[%clk 01:31:33]} {[%emt 00:00:08]} 7. g4 {[%clk 01:32:06]}
{[%emt 00:00:28]} Be4 {[%clk 01:30:34]} {[%emt 00:01:30]} 8. Nxe4 {[%clk
01:30:15]} {[%emt 00:02:21]} dxe4 {[%clk 01:30:59]} {[%emt 00:00:05]} 9. Bc4
{[%clk 01:25:33]} {[%emt 00:05:11]} Qa5+ {[%clk 01:30:38]} {[%emt 00:00:52]} 10.
Kf1 {[%clk 01:25:47]} {[%emt 00:00:15]} b5 {[%clk 01:29:10]} {[%emt 00:02:00]}
11. Qb3 {[%clk 01:09:01]} {[%emt 00:17:15]} bxc4 {[%clk 01:28:43]} {[%emt
00:00:57]} 12. Qb7 {[%clk 01:09:16]} {[%emt 00:00:15]} Nf6 {[%clk 01:29:01]}
{[%emt 00:00:12]} 13. Qxa8 {[%clk 01:09:26]} {[%emt 00:00:20]} O-O {[%clk
01:29:17]} {[%emt 00:00:13]} 14. Bxb8 {[%clk 01:07:29]} {[%emt 00:02:26]} c3
{[%clk 01:29:28]} {[%emt 00:00:21]} 15. Qb7 {[%clk 01:03:59]} {[%emt 00:03:59]}
c2 {[%clk 01:23:29]} {[%emt 00:06:29]} 16. Ne2 {[%clk 01:00:56]} {[%emt
00:03:32]} Qd2 {[%clk 01:23:39]} {[%emt 00:00:22]} 17. Qb3 {[%clk 00:55:45]}
{[%emt 00:05:41]} Qd1+ {[%clk 01:22:58]} {[%emt 00:01:11]} 18. Rxd1 {[%clk
00:56:04]} {[%emt 00:00:11]} cxd1=Q+ {[%clk 01:23:22]} {[%emt 00:00:06]} 19.
Qxd1 {[%clk 00:56:26]} {[%emt 00:00:08]} 1-0

[Event "South Island Championships 2023"]
[Site "Oamaru, New Zealand"]
[Date "2023.09.30"]
[Round "8.8"]
[White "Mischke, Andreas"]
[Black "Liu, William Rui"]
[Result "0-1"]
[TimeControl "90 + 30"]
[WhiteFideId "34649840"]
[BlackFideId "4313593"]
[WhiteElo "1680"]
[BlackElo "2094"]

1. e4 {[%clk 01:30:56]} {[%emt 00:00:03]} c5 {[%clk 01:30:51]} {[%emt
00:00:09]} 2. Nc3 {[%clk 01:31:20]} {[%emt 00:00:06]} Nc6 {[%clk 01:31:16]}
{[%emt 00:00:06]} 3. Bb5 {[%clk 01:31:43]} {[%emt 00:00:07]} g6 {[%clk
01:31:21]} {[%emt 00:00:24]} 4. Bxc6 {[%clk 01:31:22]} {[%emt 00:00:51]} dxc6
{[%clk 01:31:28]} {[%emt 00:00:24]} 5. f4 {[%clk 01:31:27]} {[%emt 00:00:24]}
Bg7 {[%clk 01:31:43]} {[%emt 00:00:15]} 6. Nf3 {[%clk 01:31:37]} {[%emt
00:00:21]} Nf6 {[%clk 01:29:33]} {[%emt 00:02:40]} 7. d3 {[%clk 01:31:36]}
{[%emt 00:00:31]} O-O {[%clk 01:29:34]} {[%emt 00:00:29]} 8. O-O {[%clk
01:31:35]} {[%emt 00:00:30]} b6 {[%clk 01:27:56]} {[%emt 00:02:09]} 9. Qe1
{[%clk 01:30:51]} {[%emt 00:01:13]} b5 {[%clk 01:15:15]} {[%emt 00:13:11]} 10.
f5 {[%clk 01:28:54]} {[%emt 00:02:27]} b4 {[%clk 01:08:48]} {[%emt 00:06:57]}
11. e5 {[%clk 01:21:02]} {[%emt 00:08:23]} bxc3 {[%clk 01:03:38]} {[%emt
00:05:40]} 12. exf6 {[%clk 01:21:19]} {[%emt 00:00:12]} Bxf6 {[%clk 01:03:47]}
{[%emt 00:00:21]} 13. b3 {[%clk 01:16:15]} {[%emt 00:05:34]} Bxf5 {[%clk
01:02:29]} {[%emt 00:01:48]} 14. Bh6 {[%clk 01:14:41]} {[%emt 00:02:04]} Re8
{[%clk 01:01:50]} {[%emt 00:01:09]} 15. Qf2 {[%clk 01:08:31]} {[%emt 00:06:40]}
Bg4 {[%clk 00:49:03]} {[%emt 00:13:18]} 16. Be3 {[%clk 00:59:38]} {[%emt
00:09:21]} Bxf3 {[%clk 00:48:15]} {[%emt 00:01:19]} 17. Qxf3 {[%clk 00:59:23]}
{[%emt 00:00:45]} Qd5 {[%clk 00:47:53]} {[%emt 00:00:52]} 18. Qxd5 {[%clk
00:57:23]} {[%emt 00:02:30]} cxd5 {[%clk 00:48:17]} {[%emt 00:00:06]} 19. Bxc5
{[%clk 00:57:39]} {[%emt 00:00:14]} Bg7 {[%clk 00:47:23]} {[%emt 00:01:25]} 20.
Rf4 {[%clk 00:55:01]} {[%emt 00:03:07]} d4 {[%clk 00:45:04]} {[%emt 00:02:49]}
21. Re1 {[%clk 00:54:20]} {[%emt 00:01:11]} e5 {[%clk 00:44:38]} {[%emt
00:00:56]} 22. Rfe4 {[%clk 00:54:19]} {[%emt 00:00:31]} f5 {[%clk 00:44:48]}
{[%emt 00:00:21]} 23. R4e2 {[%clk 00:54:12]} {[%emt 00:00:36]} Kf7 {[%clk
00:44:45]} {[%emt 00:00:33]} 24. Bd6 {[%clk 00:52:31]} {[%emt 00:02:11]} Re6
{[%clk 00:44:42]} {[%emt 00:00:33]} 25. Bc5 {[%clk 00:52:47]} {[%emt 00:00:14]}
Rc6 {[%clk 00:43:11]} {[%emt 00:02:02]} 26. b4 {[%clk 00:49:42]} {[%emt
00:03:35]} a5 {[%clk 00:40:00]} {[%emt 00:03:41]} 27. a3 {[%clk 00:48:53]}
{[%emt 00:01:19]} axb4 {[%clk 00:40:18]} {[%emt 00:00:12]} 28. Bxb4 {[%clk
00:46:25]} {[%emt 00:02:58]} Ke6 {[%clk 00:40:22]} {[%emt 00:00:26]} 29. Rf2
{[%clk 00:44:28]} {[%emt 00:02:27]} Kd5 {[%clk 00:39:39]} {[%emt 00:01:12]} 30.
g4 {[%clk 00:43:39]} {[%emt 00:01:18]} Bh6 {[%clk 00:36:52]} {[%emt 00:03:18]}
31. Kg2 {[%clk 00:40:00]} {[%emt 00:04:09]} Be3 {[%clk 00:36:22]} {[%emt
00:01:01]} 32. Rf3 {[%clk 00:39:45]} {[%emt 00:00:45]} Rf6 {[%clk 00:30:01]}
{[%emt 00:06:45]} 33. Ref1 {[%clk 00:31:53]} {[%emt 00:08:28]} Ra7 {[%clk
00:23:47]} {[%emt 00:06:45]} 34. gxf5 {[%clk 00:30:01]} {[%emt 00:02:20]} gxf5
{[%clk 00:24:08]} {[%emt 00:00:10]} 35. Rg3 {[%clk 00:21:16]} {[%emt 00:09:14]}
Raf7 {[%clk 00:20:30]} {[%emt 00:04:09]} 36. Rg8 {[%clk 00:20:10]} {[%emt
00:01:36]} Rg6+ {[%clk 00:20:41]} {[%emt 00:00:18]} 37. Rxg6 {[%clk 00:20:33]}
{[%emt 00:00:06]} hxg6 {[%clk 00:21:07]} {[%emt 00:00:05]} 38. Re1 {[%clk
00:13:37]} {[%emt 00:07:27]} Bd2 {[%clk 00:19:58]} {[%emt 00:01:38]} 39. Rg1
{[%clk 00:11:51]} {[%emt 00:02:16]} g5 {[%clk 00:19:58]} {[%emt 00:00:30]} 40.
Ra1 {[%clk 00:10:35]} {[%emt 00:01:47]} e4 {[%clk 00:19:34]} {[%emt 00:00:53]}
41. dxe4+ {[%clk 00:10:29]} {[%emt 00:00:36]} fxe4 {[%clk 00:19:56]} {[%emt
00:00:08]} 42. Rd1 {[%clk 00:08:24]} {[%emt 00:02:35]} e3 {[%clk 00:19:50]}
{[%emt 00:00:36]} 43. Rf1 {[%clk 00:08:24]} {[%emt 00:00:29]} Rxf1 {[%clk
00:19:30]} {[%emt 00:00:51]} 44. Kxf1 {[%clk 00:08:49]} {[%emt 00:00:05]} d3
{[%clk 00:19:58]} {[%emt 00:00:02]} 45. cxd3 {[%clk 00:08:10]} {[%emt
00:01:09]} c2 {[%clk 00:20:25]} {[%emt 00:00:03]} 46. Bxd2 {[%clk 00:07:53]}
{[%emt 00:00:47]} exd2 {[%clk 00:20:49]} {[%emt 00:00:06]} 0-1

[Event "South Island Championships 2023"]
[Site "Oamaru, New Zealand"]
[Date "2023.09.30"]
[Round "8.5"]
[White "Christie, Richie"]
[Black "Stark, John"]
[Result "1/2-1/2"]
[TimeControl "90 + 30"]
[WhiteFideId "4307470"]
[BlackFideId "4300963"]
[WhiteElo "1927"]
[BlackElo "2204"]

1. d4 {[%clk 01:30:58]} {[%emt 00:00:02]} Nf6 {[%clk 01:30:59]} {[%emt
00:00:01]} 2. Bf4 {[%clk 01:31:19]} {[%emt 00:00:09]} b6 {[%clk 01:31:26]}
{[%emt 00:00:03]} 3. Nf3 {[%clk 01:31:10]} {[%emt 00:00:39]} Bb7 {[%clk
01:31:50]} {[%emt 00:00:06]} 4. e3 {[%clk 01:31:30]} {[%emt 00:00:10]} d6
{[%clk 01:32:17]} {[%emt 00:00:03]} 5. Nc3 {[%clk 01:29:36]} {[%emt 00:02:25]}
Nbd7 {[%clk 01:32:03]} {[%emt 00:00:43]} 6. Bc4 {[%clk 01:28:46]} {[%emt
00:01:19]} h6 {[%clk 01:30:07]} {[%emt 00:02:26]} 7. d5 {[%clk 01:27:49]}
{[%emt 00:01:28]} g6 {[%clk 01:28:03]} {[%emt 00:02:34]} 8. e4 {[%clk
01:24:00]} {[%emt 00:04:19]} Bg7 {[%clk 01:27:55]} {[%emt 00:00:38]} 9. Qd2
{[%clk 01:22:15]} {[%emt 00:02:16]} a6 {[%clk 01:26:11]} {[%emt 00:02:13]} 10.
a4 {[%clk 01:21:13]} {[%emt 00:01:33]} Ng4 {[%clk 01:20:04]} {[%emt 00:06:36]}
11. O-O {[%clk 01:19:06]} {[%emt 00:02:36]} O-O {[%clk 01:18:40]} {[%emt
00:01:55]} 12. h3 {[%clk 01:15:13]} {[%emt 00:04:23]} Nge5 {[%clk 01:18:56]}
{[%emt 00:00:13]} 13. Nxe5 {[%clk 01:13:40]} {[%emt 00:02:03]} Nxe5 {[%clk
01:19:21]} {[%emt 00:00:06]} 14. Bb3 {[%clk 01:13:30]} {[%emt 00:00:40]} Kh7
{[%clk 01:19:39]} {[%emt 00:00:12]} 1/2-1/2

[Event "South Island Championships 2023"]
[Site "Oamaru, New Zealand"]
[Date "2023.09.30"]
[Round "8.4"]
[White "Cummings, Nick"]
[Black "Kerr, Atlas"]
[Result "1/2-1/2"]
[TimeControl "90 + 30"]
[WhiteFideId "4301218"]
[BlackFideId "4319486"]
[WhiteElo "2094"]
[BlackElo "1853"]

1. d4 {[%clk 01:30:58]} {[%emt 00:00:01]} Nf6 {[%clk 01:30:48]} {[%emt
00:00:12]} 2. Nf3 {[%clk 01:31:21]} {[%emt 00:00:07]} e6 {[%clk 01:30:55]}
{[%emt 00:00:24]} 3. g3 {[%clk 01:31:43]} {[%emt 00:00:07]} d5 {[%clk
01:30:27]} {[%emt 00:00:59]} 4. c4 {[%clk 01:31:38]} {[%emt 00:00:35]} Bb4+
{[%clk 01:27:20]} {[%emt 00:03:36]} 5. Bd2 {[%clk 01:32:00]} {[%emt 00:00:09]}
Bxd2+ {[%clk 01:27:11]} {[%emt 00:00:38]} 6. Nbxd2 {[%clk 01:32:25]} {[%emt
00:00:05]} O-O {[%clk 01:26:42]} {[%emt 00:00:59]} 7. Bg2 {[%clk 01:32:39]}
{[%emt 00:00:16]} c6 {[%clk 01:25:06]} {[%emt 00:02:07]} 8. O-O {[%clk
01:32:38]} {[%emt 00:00:30]} a5 {[%clk 01:17:06]} {[%emt 00:08:31]} 9. Qc2
{[%clk 01:28:13]} {[%emt 00:04:54]} Nbd7 {[%clk 01:09:08]} {[%emt 00:08:29]} 10.
e4 {[%clk 01:27:04]} {[%emt 00:01:38]} dxe4 {[%clk 01:08:45]} {[%emt 00:00:53]}
11. Nxe4 {[%clk 01:26:16]} {[%emt 00:01:18]} Nxe4 {[%clk 00:59:29]} {[%emt
00:09:46]} 12. Qxe4 {[%clk 01:26:38]} {[%emt 00:00:08]} Nf6 {[%clk 00:59:56]}
{[%emt 00:00:03]} 13. Qe2 {[%clk 01:27:04]} {[%emt 00:00:05]} Bd7 {[%clk
00:55:12]} {[%emt 00:05:14]} 14. Rfd1 {[%clk 01:23:21]} {[%emt 00:04:12]} Qc8
{[%clk 00:50:34]} {[%emt 00:05:08]} 15. Ne5 {[%clk 01:20:12]} {[%emt 00:03:38]}
Rd8 {[%clk 00:45:55]} {[%emt 00:05:10]} 16. Rac1 {[%clk 01:16:10]} {[%emt
00:04:32]} c5 {[%clk 00:42:09]} {[%emt 00:04:17]} 17. dxc5 {[%clk 01:12:07]}
{[%emt 00:04:33]} Qxc5 {[%clk 00:41:50]} {[%emt 00:00:49]} 18. Bxb7 {[%clk
01:09:15]} {[%emt 00:03:21]} Rab8 {[%clk 00:41:23]} {[%emt 00:00:57]} 19. Bg2
{[%clk 01:09:06]} {[%emt 00:00:38]} Be8 {[%clk 00:37:01]} {[%emt 00:04:53]} 20.
b3 {[%clk 01:06:19]} {[%emt 00:03:16]} a4 {[%clk 00:36:21]} {[%emt 00:01:12]}
21. Nd3 {[%clk 01:05:35]} {[%emt 00:01:11]} Qa3 {[%clk 00:35:31]} {[%emt
00:01:23]} 22. b4 {[%clk 01:03:13]} {[%emt 00:02:52]} Rd4 {[%clk 00:28:52]}
{[%emt 00:07:09]} 23. b5 {[%clk 00:52:49]} {[%emt 00:10:52]} Rbd8 {[%clk
00:28:39]} {[%emt 00:00:45]} 24. Ne1 {[%clk 00:41:36]} {[%emt 00:11:41]} Rxd1
{[%clk 00:28:17]} {[%emt 00:00:54]} 25. Rxd1 {[%clk 00:41:49]} {[%emt
00:00:17]} Rxd1 {[%clk 00:28:41]} {[%emt 00:00:04]} 26. Qxd1 {[%clk 00:42:15]}
{[%emt 00:00:04]} Qxa2 {[%clk 00:29:07]} {[%emt 00:00:05]} 27. Qc2 {[%clk
00:35:40]} {[%emt 00:07:04]} Qa1 {[%clk 00:28:53]} {[%emt 00:00:46]} 28. Kf1
{[%clk 00:35:25]} {[%emt 00:00:45]} a3 {[%clk 00:29:18]} {[%emt 00:00:05]} 29.
b6 {[%clk 00:33:08]} {[%emt 00:02:47]} a2 {[%clk 00:29:19]} {[%emt 00:00:29]}
30. b7 {[%clk 00:33:23]} {[%emt 00:00:14]} Qxe1+ {[%clk 00:28:19]} {[%emt
00:01:30]} 31. Kxe1 {[%clk 00:33:41]} {[%emt 00:00:12]} a1=Q+ {[%clk 00:28:41]}
{[%emt 00:00:08]} 32. Qd1 {[%clk 00:30:56]} {[%emt 00:03:14]} Qe5+ {[%clk
00:25:27]} {[%emt 00:03:45]} 33. Kf1 {[%clk 00:28:55]} {[%emt 00:02:29]} Qc7
{[%clk 00:24:49]} {[%emt 00:01:10]} 34. Qb3 {[%clk 00:26:24]} {[%emt 00:03:00]}
Nd7 {[%clk 00:23:53]} {[%emt 00:01:27]} 35. Qb5 {[%clk 00:24:39]} {[%emt
00:02:13]} Qb8 {[%clk 00:11:03]} {[%emt 00:13:22]} 36. Qc6 {[%clk 00:18:28]}
{[%emt 00:06:39]} Qe5 {[%clk 00:09:16]} {[%emt 00:02:19]} 37. Bf3 {[%clk
00:17:40]} {[%emt 00:01:16]} Kf8 {[%clk 00:08:24]} {[%emt 00:01:24]} 38. Qc8
{[%clk 00:17:01]} {[%emt 00:01:08]} Nb8 {[%clk 00:06:43]} {[%emt 00:02:12]} 39.
c5 {[%clk 00:13:41]} {[%emt 00:03:47]} Ke7 {[%clk 00:06:54]} {[%emt 00:00:23]}
40. c6 {[%clk 00:13:19]} {[%emt 00:00:51]} Qb5+ {[%clk 00:07:14]} {[%emt
00:00:10]} 41. Kg2 {[%clk 00:12:25]} {[%emt 00:01:24]} Nxc6 {[%clk 00:07:28]}
{[%emt 00:00:17]} 42. Kg1 {[%clk 00:07:32]} {[%emt 00:05:21]} Qb1+ {[%clk
00:06:45]} {[%emt 00:01:14]} 43. Kg2 {[%clk 00:07:42]} {[%emt 00:00:19]} Qb5
{[%clk 00:07:12]} {[%emt 00:00:04]} 44. Kg1 {[%clk 00:07:57]} {[%emt 00:00:14]}
1/2-1/2

[Event "South Island Championships 2023"]
[Site "Oamaru, New Zealand"]
[Date "2023.09.30"]
[Round "8.7"]
[White "Mayrhuber, Nikola"]
[Black "McConnell, Jack"]
[Result "1-0"]
[TimeControl "90 + 30"]
[WhiteFideId "1637819"]
[BlackFideId "4321871"]
[WhiteElo "2059"]
[BlackElo "1640"]

1. d4 {[%clk 01:30:58]} {[%emt 00:00:02]} Nf6 {[%clk 01:30:54]} {[%emt
00:00:05]} 2. c4 {[%clk 01:31:25]} {[%emt 00:00:04]} c5 {[%clk 01:31:19]}
{[%emt 00:00:05]} 3. d5 {[%clk 01:31:51]} {[%emt 00:00:05]} e6 {[%clk
01:31:43]} {[%emt 00:00:05]} 4. Nc3 {[%clk 01:31:53]} {[%emt 00:00:28]} exd5
{[%clk 01:32:05]} {[%emt 00:00:07]} 5. cxd5 {[%clk 01:32:19]} {[%emt 00:00:05]}
d6 {[%clk 01:32:27]} {[%emt 00:00:08]} 6. e4 {[%clk 01:32:26]} {[%emt
00:00:24]} g6 {[%clk 01:32:50]} {[%emt 00:00:06]} 7. f4 {[%clk 01:32:51]}
{[%emt 00:00:06]} Bg7 {[%clk 01:33:13]} {[%emt 00:00:06]} 8. Nf3 {[%clk
01:33:18]} {[%emt 00:00:03]} O-O {[%clk 01:33:10]} {[%emt 00:00:33]} 9. Be2
{[%clk 01:32:43]} {[%emt 00:01:06]} b5 {[%clk 01:29:38]} {[%emt 00:04:01]} 10.
e5 {[%clk 01:25:55]} {[%emt 00:07:18]} Ng4 {[%clk 01:28:14]} {[%emt 00:01:53]}
11. h3 {[%clk 01:25:47]} {[%emt 00:00:38]} b4 {[%clk 01:24:21]} {[%emt
00:04:24]} 12. Ne4 {[%clk 01:22:17]} {[%emt 00:04:00]} Nxe5 {[%clk 01:20:58]}
{[%emt 00:03:52]} 13. fxe5 {[%clk 01:22:27]} {[%emt 00:00:21]} dxe5 {[%clk
01:20:35]} {[%emt 00:00:53]} 14. O-O {[%clk 01:21:12]} {[%emt 00:01:45]} f5
{[%clk 01:19:59]} {[%emt 00:01:06]} 15. Nxc5 {[%clk 01:08:02]} {[%emt
00:13:41]} Qb6 {[%clk 01:15:53]} {[%emt 00:04:35]} 16. Be3 {[%clk 01:08:12]}
{[%emt 00:00:20]} e4 {[%clk 01:12:02]} {[%emt 00:04:20]} 17. Nd2 {[%clk
01:07:45]} {[%emt 00:00:57]} Ba6 {[%clk 01:09:42]} {[%emt 00:02:50]} 18. Ndb3
{[%clk 01:02:05]} {[%emt 00:06:11]} Re8 {[%clk 01:04:56]} {[%emt 00:05:15]} 19.
Bxa6 {[%clk 01:00:05]} {[%emt 00:02:31]} Nxa6 {[%clk 01:05:08]} {[%emt
00:00:17]} 20. Qe2 {[%clk 01:00:24]} {[%emt 00:00:11]} Nxc5 {[%clk 01:04:22]}
{[%emt 00:01:17]} 21. Bxc5 {[%clk 01:00:00]} {[%emt 00:00:53]} Qd8 {[%clk
01:04:37]} {[%emt 00:00:15]} 22. d6 {[%clk 00:57:35]} {[%emt 00:02:56]} Be5
{[%clk 01:04:26]} {[%emt 00:00:39]} 23. Bxb4 {[%clk 00:53:19]} {[%emt
00:04:47]} Bxd6 {[%clk 01:01:31]} {[%emt 00:03:24]} 24. Qc4+ {[%clk 00:53:05]}
{[%emt 00:00:45]} Kh8 {[%clk 01:00:34]} {[%emt 00:01:27]} 25. Bc3+ {[%clk
00:48:58]} {[%emt 00:04:37]} Be5 {[%clk 01:00:43]} {[%emt 00:00:21]} 26. Rad1
{[%clk 00:48:06]} {[%emt 00:01:22]} Qf6 {[%clk 01:00:12]} {[%emt 00:00:59]} 27.
Bxe5 {[%clk 00:44:12]} {[%emt 00:04:26]} Qxe5 {[%clk 01:00:31]} {[%emt
00:00:11]} 28. Qd4 {[%clk 00:44:29]} {[%emt 00:00:14]} e3 {[%emt 00:01:00]} 1-0